[Event "HUN-chT2 Breyer 0203"]
[Site "Hungary"]
[Date "2002.11.24"]
[Round "3"]
[White "Schlusnik, Nandor"]
[Black "Adam, Gyorgy Jr"]
[Result "1-0"]
[WhiteElo "2269"]
[BlackElo "2127"]
[PlyCount "63"]
[EventDate "2002.09.22"]
[EventType "team"]
[EventRounds "11"]
[EventCountry "HUN"]
[SourceTitle "EXT 2009"]
[Source "ChessBase"]
[SourceDate "2008.11.26"]
[SourceVersion "1"]
[SourceVersionDate "2008.11.26"]
[SourceQuality "1"]

1. e4 c5 2. f4 Nc6 3. Nc3 d6 4. Nf3 Nf6 5. Bc4 Bg4 6. e5 dxe5 7. fxe5 Bxf3 8. Qxf3 Qd4 9. Bxf7+ Kxf7 10. exf6 exf6 11. Ne2 Qc4 12. d3 Qe6 13. 0-0 Bd6 14. Nf4 Bxf4 15. Bxf4 Rhe8 16. Qh5+ Kg8 17. Qxc5 Rac8 18. c3 Qg4 19. Qd5+ Kh8 20. Qf3 Qd7 21. Rae1 Red8 22. Re3 Qf7 23. b3 h6 24. Rfe1 a5 25. Qh3 Kh7 26. Rg3 Re8 27. Rf1 Rcd8 28. Bxh6 gxh6 29. Qf5+ Kh8 30. Rg6 Re6 31. Qh5 Rd7 32. Qxh6+ 1-0

[Event "Budapest FS03 IM-B"]
[Site "Budapest"]
[Date "2002.03.08"]
[Round "7"]
[White "Brustkern, Juergen"]
[Black "Schlusnik, Nandor"]
[Result "0-1"]
[WhiteElo "2289"]
[BlackElo "2285"]
[PlyCount "74"]
[EventDate "2002.03.02"]
[EventType "tourn"]
[EventRounds "9"]
[EventCountry "HUN"]
[EventCategory "2"]
[SourceTitle "CBM 087 Extra"]
[Source "ChessBase"]
[SourceDate "2002.05.03"]
[SourceVersion "2"]
[SourceVersionDate "2002.08.09"]
[SourceQuality "1"]

1. e4 e5 2. Nf3 Nc6 3. Nc3 Nf6 4. g3 Bc5 5. Bg2 d6 6. h3 0-0 7. d3 h6 8. 0-0 Be6 9. Na4 Bb6 10. Nxb6 axb6 11. b3 Qd7 12. Kh2 Nb4 13. a3 c5 14. Bb2 Nc6 15. Nd2 d5 16. exd5 Bxd5 17. Nc4 Qc7 18. f4 Bxg2 19. Kxg2 Nd7 20. f5 Nd4 21. c3 Nc6 22. a4 Rad8 23. Qf3 e4 24. dxe4 Nce5 25. Qf4 Qc6 26. Rfd1 Nxc4 27. bxc4 Nf6 28. Rd5 Rfe8 29. Rad1 Nxd5 30. cxd5 Qxa4 31. Re1 Qb3 32. Re2 Rxd5 33. c4 Qxc4 34. Qg4 Rd4 35. h4 h5 36. Qxh5 Rdxe4 37. Rf2 Re2 0-1

[Event "Budapest FS03 IM-B"]
[Site "Budapest"]
[Date "2002.03.06"]
[Round "5"]
[White "Cooke, Eric"]
[Black "Schlusnik, Nandor"]
[Result "1-0"]
[WhiteElo "2195"]
[BlackElo "2285"]
[PlyCount "65"]
[EventDate "2002.03.02"]
[EventType "tourn"]
[EventRounds "9"]
[EventCountry "HUN"]
[EventCategory "2"]
[SourceTitle "CBM 087 Extra"]
[Source "ChessBase"]
[SourceDate "2002.05.03"]
[SourceVersion "2"]
[SourceVersionDate "2002.08.09"]
[SourceQuality "1"]

1. d4 d5 2. c4 e6 3. Nc3 c6 4. Nf3 Nf6 5. Bg5 dxc4 6. e4 b5 7. e5 h6 8. Bh4 g5 9. Nxg5 hxg5 10. Bxg5 Nbd7 11. exf6 Bb7 12. g3 c5 13. d5 Ne5 14. Bg2 Nd3+ 15. Kf1 Qb6 16. dxe6 fxe6 17. f7+ Kxf7 18. Ne4 Bg7 19. Be3 Kg8 20. h4 Bd5 21. h5 Qc6 22. Rh4 Rh7 23. Qg4 Kh8 24. Qg6 Rf8 25. h6 Bxb2 26. Rb1 Be5 27. Bg5 Nxf2 28. Kg1 Nxe4 29. Bxe4 Bd4+ 30. Kh2 Rhf7 31. Rg4 Qd7 32. Re1 Rg8 33. Bf6+ 1-0

[Event "Budapest FS03 IM-B"]
[Site "Budapest"]
[Date "2002.03.03"]
[Round "2"]
[White "Farago, Sandor"]
[Black "Schlusnik, Nandor"]
[Result "1-0"]
[WhiteElo "2318"]
[BlackElo "2285"]
[PlyCount "71"]
[EventDate "2002.03.02"]
[EventType "tourn"]
[EventRounds "9"]
[EventCountry "HUN"]
[EventCategory "2"]
[SourceTitle "CBM 087 Extra"]
[Source "ChessBase"]
[SourceDate "2002.05.03"]
[SourceVersion "2"]
[SourceVersionDate "2002.08.09"]
[SourceQuality "1"]

1. e4 e5 2. Nf3 Nc6 3. Bb5 a6 4. Ba4 Nf6 5. 0-0 b5 6. Bb3 Be7 7. Re1 0-0 8. a4 Bb7 9. c3 d5 10. d3 Na5 11. Nbd2 dxe4 12. dxe4 Nxb3 13. Qxb3 Bd6 14. Qc2 Qd7 15. Nf1 Bc6 16. a5 Nh5 17. Ne3 g6 18. Rd1 Rae8 19. Nd5 Kg7 20. Qd2 Nf4 21. Nxf4 exf4 22. Qd4+ f6 23. Re1 Qe7 24. Qd1 Qf7 25. Qd3 f5 26. Qd4+ Kg8 27. e5 Bxf3 28. gxf3 g5 29. Bd2 Re6 30. exd6 Rxd6 31. Qb4 Rxd2 32. Re7 Qd5 33. c4 Qd4 34. Rf1 Rxb2 35. Qe1 Qxc4 36. Qe5 1-0

[Event "HUN-chT3 0102"]
[Site "Hungary"]
[Date "2002.01.27"]
[Round "6.2"]
[White "Cseke, Richard"]
[Black "Schlusnik, Nandor"]
[Result "1/2-1/2"]
[WhiteElo "2252"]
[BlackElo "2285"]
[PlyCount "28"]
[EventDate "2001.09.30"]
[EventType "team"]
[EventRounds "11"]
[EventCountry "HUN"]
[SourceTitle "EXT 2004"]
[Source "ChessBase"]
[SourceDate "2003.11.25"]
[SourceVersion "1"]
[SourceVersionDate "2003.11.25"]
[SourceQuality "1"]

1. e4 e5 2. f4 exf4 3. Bc4 d6 4. d4 Qh4+ 5. Kf1 Nf6 6. Nf3 Qh6 7. Qe2 Be7 8. e5 dxe5 9. Nxe5 f3 10. Bxf7+ Kf8 11. Qe3 fxg2+ 12. Kxg2 Qxe3 13. Bxe3 Ng4 14. Nxg4 Bxg4 1/2-1/2

[Event "HUN-chT2 9900"]
[Site "Hungary"]
[Date "2000.03.26"]
[Round "10"]
[White "Farkas, Gyula"]
[Black "Schlusnik, Nandor"]
[Result "1-0"]
[WhiteElo "2211"]
[BlackElo "2289"]
[PlyCount "69"]
[EventDate "1999.09.26"]
[EventType "team"]
[EventRounds "11"]
[EventCountry "HUN"]
[SourceTitle "EXT 2002"]
[Source "ChessBase"]
[SourceDate "2001.11.25"]
[SourceVersion "1"]
[SourceVersionDate "2001.11.25"]
[SourceQuality "1"]

1. e4 d5 2. exd5 Qxd5 3. Nc3 Qd8 4. Nf3 g6 5. d4 Bg7 6. Bc4 Nf6 7. Be3 0-0 8. h3 a6 9. a4 b6 10. 0-0 Bb7 11. Ne5 Nbd7 12. Qe2 e6 13. Bg5 Qc8 14. Rfe1 c5 15. Nxf7 Qc6 16. Qf1 cxd4 17. Rxe6 Qc5 18. Nd6 Kh8 19. Bxf6 Nxf6 20. Nxb7 Qc7 21. Nd5 Qxb7 22. Rxb6 Qd7 23. Nxf6 Bxf6 24. Bxa6 Bh4 25. f3 Bd8 26. Bb5 Qf5 27. Rc6 Bg5 28. Bd3 Be3+ 29. Kh1 Qe5 30. Qe1 Qg5 31. Re6 Rae8 32. Rxe8 Rxe8 33. a5 Re7 34. a6 Bf4 35. Qxe7 1-0

[Event "HUN-chT2 9900"]
[Site "Hungary"]
[Date "2000.02.27"]
[Round "8"]
[White "Veress, Robert"]
[Black "Schlusnik, Nandor"]
[Result "0-1"]
[WhiteElo "2224"]
[BlackElo "2289"]
[PlyCount "56"]
[EventDate "1999.09.26"]
[EventType "team"]
[EventRounds "11"]
[EventCountry "HUN"]
[SourceTitle "EXT 2002"]
[Source "ChessBase"]
[SourceDate "2001.11.25"]
[SourceVersion "1"]
[SourceVersionDate "2001.11.25"]
[SourceQuality "1"]

1. d4 e6 2. c4 b6 3. e4 Bb7 4. Bd3 f5 5. exf5 Bb4+ 6. Kf1 Nf6 7. c5 bxc5 8. a3 c4 9. Bxc4 Be7 10. Qb3 Be4 11. fxe6 0-0 12. f3 Bf5 13. exd7+ Kh8 14. Ne2 Qxd7 15. Qb7 Nc6 16. Bb5 Bxb1 17. Qxc6 Qf5 18. Bf4 Rab8 19. a4 a6 20. Qxa6 Nd5 21. Kf2 Nxf4 22. Rhxb1 Nxg2 23. Bc6 Qh3 24. Be4 Qxh2 25. Nc3 Bh4+ 26. Ke2 Nf4+ 27. Kd1 Qg1+ 28. Kc2 Qf2+ 0-1

[Event "HUN-chT2 9900"]
[Site "Hungary"]
[Date "2000.02.13"]
[Round "7"]
[White "Solymosi, Istvan"]
[Black "Schlusnik, Nandor"]
[Result "1-0"]
[WhiteElo "2195"]
[BlackElo "2289"]
[PlyCount "63"]
[EventDate "1999.09.26"]
[EventType "team"]
[EventRounds "11"]
[EventCountry "HUN"]
[SourceTitle "EXT 2002"]
[Source "ChessBase"]
[SourceDate "2001.11.25"]
[SourceVersion "1"]
[SourceVersionDate "2001.11.25"]
[SourceQuality "1"]

1. d4 d5 2. c4 e6 3. Nc3 c6 4. e3 Nf6 5. Nf3 Nbd7 6. Bd3 dxc4 7. Bxc4 b5 8. Bd3 a6 9. e4 c5 10. e5 cxd4 11. Nxb5 Nxe5 12. Nxe5 axb5 13. Bxb5+ Bd7 14. Nxd7 Qa5+ 15. Bd2 Qxb5 16. Nxf8 Kxf8 17. b3 Nd5 18. Qe2 Qxb3 19. 0-0 Qa4 20. Rfc1 Ke7 21. Rc4 Qa6 22. Qd3 e5 23. Re1 Kd6 24. a4 Rhc8 25. Qa3+ Kd7 26. Rxc8 Qxc8 27. Rxe5 Qc4 28. a5 Rb8 29. Re1 Nc3 30. Qe7+ Kc6 31. Bf4 Rb7 32. Qe8+ 1-0

[Event "HUN-chT2 9900"]
[Site "Hungary"]
[Date "1999.11.21"]
[Round "5"]
[White "Schlusnik, Nandor"]
[Black "Horvath, Imre"]
[Result "1-0"]
[WhiteElo "2289"]
[BlackElo "2317"]
[PlyCount "137"]
[EventDate "1999.09.26"]
[EventType "team"]
[EventRounds "11"]
[EventCountry "HUN"]
[SourceTitle "EXT 2002"]
[Source "ChessBase"]
[SourceDate "2001.11.25"]
[SourceVersion "1"]
[SourceVersionDate "2001.11.25"]
[SourceQuality "1"]

1. e4 c6 2. d4 d5 3. Nd2 dxe4 4. Nxe4 Bf5 5. Ng3 Bg6 6. Nf3 Nd7 7. Bc4 e6 8. 0-0 Be7 9. Qe2 Ngf6 10. Re1 Qc7 11. Bb3 0-0-0 12. Bg5 h6 13. Bd2 Rhe8 14. c4 c5 15. Ne5 Nxe5 16. dxe5 Nd7 17. Ba4 Rh8 18. Bf4 Nb6 19. Bc2 Bxc2 20. Qxc2 Rd4 21. Re4 Rhd8 22. Be3 Rxe4 23. Qxe4 Qd7 24. b3 Qd3 25. Qxd3 Rxd3 26. Kf1 Nd7 27. Ke2 Nxe5 28. f4 Rxe3+ 29. Kxe3 Ng4+ 30. Kd3 Nxh2 31. f5 e5 32. Nh5 Ng4 33. Ke4 g6 34. fxg6 fxg6 35. Ng3 Kd7 36. Ne2 Ke6 37. Nc3 Nf6+ 38. Kd3 h5 39. a3 h4 40. Ne4 Nh5 41. Ke3 a5 42. Kf3 Kf5 43. Rd1 g5 44. g4+ hxg3 45. Nxg3+ Nxg3 46. Kxg3 b6 47. Rf1+ Ke6 48. Kf3 Bf6 49. Ke4 Bg7 50. Rf5 Bf6 51. a4 Kf7 52. Rf1 Kg6 53. Rd1 g4 54. Rd6 g3 55. Kf3 Kf5 56. Kxg3 Bg5 57. Rxb6 Ke4 58. Rb5 Kd4 59. Rxa5 e4 60. Ra6 Kc3 61. Re6 Bd8 62. Rc6 Kxb3 63. Rxc5 Kxa4 64. Rc8 Bb6 65. c5 Ba5 66. Kf4 Kb5 67. Kxe4 Be1 68. Kd5 Ka6 69. Rb8 1-0

[Event "HUN-chT2 9900"]
[Site "Hungary"]
[Date "1999.09.26"]
[Round "1"]
[White "Kun, Gabor"]
[Black "Schlusnik, Nandor"]
[Result "1/2-1/2"]
[WhiteElo "2314"]
[BlackElo "2289"]
[PlyCount "24"]
[EventDate "1999.09.26"]
[EventType "team"]
[EventRounds "11"]
[EventCountry "HUN"]
[SourceTitle "EXT 2002"]
[Source "ChessBase"]
[SourceDate "2001.11.25"]
[SourceVersion "1"]
[SourceVersionDate "2001.11.25"]
[SourceQuality "1"]

1. e4 e5 2. Nf3 Nc6 3. c3 d5 4. Bb5 Qd6 5. d4 exd4 6. Nxd4 Bd7 7. exd5 Qxd5 8. 0-0 Nxd4 9. Bxd7+ Qxd7 10. cxd4 0-0-0 11. Qb3 Nf6 12. Nc3 a6 1/2-1/2

[Event "Tapolca op"]
[Site "Budapest"]
[Date "1999.01.15"]
[Round "8"]
[White "Parkanyi, Attila"]
[Black "Schlusnik, Nandor"]
[Result "1-0"]
[WhiteElo "2395"]
[BlackElo "2255"]
[PlyCount "79"]
[EventDate "1999.01.??"]
[EventType "swiss"]
[EventRounds "9"]
[EventCountry "HUN"]
[SourceTitle "CBM 068 Extra"]
[Source "ChessBase"]
[SourceDate "1999.03.01"]
[SourceVersion "1"]
[SourceVersionDate "1999.03.01"]
[SourceQuality "1"]

1. e4 e5 2. Nf3 Nc6 3. Bb5 a6 4. Ba4 Nf6 5. 0-0 Be7 6. Re1 b5 7. Bb3 0-0 8. a4 Bb7 9. d3 d6 10. Nbd2 Na5 11. Ba2 Nd7 12. Nf1 c5 13. Ne3 Nb6 14. Bd2 b4 15. c3 Nc6 16. Nf5 Bf6 17. h4 d5 18. g4 dxe4 19. dxe4 Ne7 20. cxb4 Nxf5 21. gxf5 cxb4 22. a5 Nd7 23. Bxb4 Be7 24. Bxe7 Qxe7 25. Bd5 Nf6 26. Bxb7 Qxb7 27. Qe2 Rab8 28. Nxe5 Rfe8 29. f4 Qxb2 30. Qxb2 Rxb2 31. Nc4 Rb4 32. Nd6 Rd8 33. Rab1 Rd4 34. e5 Ne8 35. Re4 Rd5 36. Nc4 h5 37. Kf2 Nc7 38. Rb7 Nb5 39. e6 Rxf5 40. Rd7 1-0

[Event "HUN-chT2 9899"]
[Site "Hungary"]
[Date "1999.??.??"]
[Round "?"]
[White "Schlusnik, Nandor"]
[Black "Ondok, Laszlo"]
[Result "0-1"]
[WhiteElo "2265"]
[BlackElo "2235"]
[PlyCount "72"]
[EventDate "1998.??.??"]
[EventType "team"]
[EventRounds "12"]
[EventCountry "HUN"]
[SourceTitle "EXT 2000"]
[Source "ChessBase"]
[SourceDate "1999.11.16"]
[SourceVersion "1"]
[SourceVersionDate "1999.11.16"]
[SourceQuality "1"]

1. e4 Nc6 2. d4 d5 3. Nc3 Nf6 4. e5 Nd7 5. Nxd5 Ndb8 6. Nf4 Qxd4 7. Qxd4 Nxd4 8. Bd3 Nbc6 9. c3 Ne6 10. Nxe6 Bxe6 11. f4 g5 12. Be4 Bd7 13. e6 Bxe6 14. f5 Bd7 15. Bxg5 0-0-0 16. Nf3 Rg8 17. 0-0 Re8 18. Rae1 h6 19. Bf4 Bg7 20. Re2 e6 21. Rfe1 Ne7 22. fxe6 Bxe6 23. Bh7 Rh8 24. Bc2 Rd8 25. Bb3 Nd5 26. Be5 Rhg8 27. Nd4 Bg4 28. Re4 f5 29. Bxd5 Rxd5 30. R4e3 f4 31. Re4 c5 32. Bxg7 Rxg7 33. Nb3 Bf3 34. Rxf4 Bxg2 35. Re3 Rd1+ 36. Kf2 Rf1+ 0-1

[Event "Budapest FS06 schev"]
[Site "Budapest"]
[Date "1999.??.??"]
[Round "?"]
[White "Schlusnik, Nandor"]
[Black "Vannay, Janos"]
[Result "1-0"]
[WhiteElo "2254"]
[BlackElo "2065"]
[PlyCount "85"]
[EventDate "1999.06.??"]
[EventType "schev"]
[EventRounds "9"]
[EventCountry "HUN"]
[SourceTitle "EXT 2004"]
[Source "ChessBase"]
[SourceDate "2003.11.25"]
[SourceVersion "1"]
[SourceVersionDate "2003.11.25"]
[SourceQuality "1"]

1. e4 c5 2. c3 Nf6 3. e5 Nd5 4. d4 cxd4 5. Nf3 Nc6 6. Bc4 Nb6 7. Bb3 d6 8. exd6 Qxd6 9. 0-0 Be6 10. Bxe6 Qxe6 11. Nxd4 Nxd4 12. Qxd4 Rd8 13. Qh4 Qd7 14. Be3 e6 15. Qg3 Qd6 16. Bf4 Qd3 17. Be3 Nc4 18. Bc1 Qxg3 19. hxg3 Be7 20. b3 Ne5 21. Be3 Nc6 22. Nd2 0-0 23. Ne4 Rd3 24. Rfd1 Rfd8 25. Rxd3 Rxd3 26. c4 Nd4 27. Rb1 a6 28. b4 h6 29. Nc5 Bxc5 30. bxc5 Ne2+ 31. Kh2 Rd7 32. c6 bxc6 33. Rb8+ Kh7 34. Rc8 Nd4 35. Ra8 Nf5 36. Bb6 Nd6 37. c5 Nc4 38. Rxa6 Nxb6 39. cxb6 Rb7 40. a4 c5 41. a5 c4 42. Ra7 Rb8 43. Rc7 1-0

[Event "Budapest FS08 IM-A"]
[Site "Budapest"]
[Date "1998.08.11"]
[Round "11"]
[White "Jamrich, Gyorgy"]
[Black "Schlusnik, Nandor"]
[Result "1/2-1/2"]
[WhiteElo "2310"]
[BlackElo "2255"]
[PlyCount "21"]
[EventDate "1998.08.??"]
[EventType "tourn"]
[EventRounds "11"]
[EventCountry "HUN"]
[EventCategory "2"]
[SourceTitle "EXT 1999"]
[Source "ChessBase"]
[SourceDate "1998.11.16"]
[SourceVersion "1"]
[SourceVersionDate "1998.11.16"]
[SourceQuality "1"]

1. d4 d5 2. c4 c6 3. Nc3 Nf6 4. Nf3 e6 5. Bg5 dxc4 6. e4 b5 7. e5 h6 8. Bh4 g5 9. Nxg5 hxg5 10. Bxg5 Nbd7 11. exf6 1/2-1/2

[Event "Budapest Balatontourist"]
[Site "Budapest"]
[Date "1998.??.??"]
[Round "5"]
[White "Antal, Gergely"]
[Black "Schlusnik, Nandor"]
[Result "1-0"]
[WhiteElo "2220"]
[BlackElo "2265"]
[PlyCount "45"]
[EventDate "1998.??.??"]
[EventType "swiss"]
[EventRounds "9"]
[EventCountry "HUN"]
[SourceTitle "EXT 2004"]
[Source "ChessBase"]
[SourceDate "2003.11.25"]
[SourceVersion "1"]
[SourceVersionDate "2003.11.25"]
[SourceQuality "1"]

1. e4 c5 2. Nf3 d6 3. d4 cxd4 4. Nxd4 Nf6 5. Nc3 g6 6. Be3 Bg7 7. f3 0-0 8. Qd2 Nc6 9. Bc4 Nd7 10. h4 Nb6 11. Bb3 Na5 12. Qd3 Nxb3 13. axb3 a6 14. h5 d5 15. Nde2 e6 16. 0-0-0 Nd7 17. hxg6 hxg6 18. exd5 Ne5 19. Qd2 exd5 20. Bh6 Bh8 21. Nxd5 Re8 22. Bg5 f6 23. Rxh8+ 1-0

[Event "Budapest Balatontourist"]
[Site "Budapest"]
[Date "1998.??.??"]
[Round "1"]
[White "Limbrunner, Tibor"]
[Black "Schlusnik, Nandor"]
[Result "0-1"]
[WhiteElo "2025"]
[BlackElo "2265"]
[PlyCount "44"]
[EventDate "1998.??.??"]
[EventType "swiss"]
[EventRounds "9"]
[EventCountry "HUN"]
[SourceTitle "EXT 2004"]
[Source "ChessBase"]
[SourceDate "2003.11.25"]
[SourceVersion "1"]
[SourceVersionDate "2003.11.25"]
[SourceQuality "1"]

1. Nf3 d5 2. d4 Nf6 3. Bf4 c5 4. c3 cxd4 5. Bxb8 Rxb8 6. Qa4+ Bd7 7. Qxa7 dxc3 8. Nxc3 e6 9. Ne5 Bc6 10. e3 Bd6 11. Qd4 Qc7 12. Ng4 Ke7 13. Nxf6 gxf6 14. Bd3 h5 15. Ke2 Qa5 16. a3 e5 17. Qh4 e4 18. Bc2 Be5 19. b4 Qa6+ 20. Kd2 Qc4 21. Ne2 Bb5 22. Rae1 Rbc8 0-1

[Event "HUN-chT 9798"]
[Site "Hungary"]
[Date "1998.??.??"]
[Round "?"]
[White "Medvegy, Nora"]
[Black "Schlusnik, Nandor"]
[Result "1-0"]
[WhiteElo "2265"]
[BlackElo "2225"]
[PlyCount "59"]
[EventDate "1997.??.??"]
[EventType "team"]
[EventRounds "12"]
[EventCountry "HUN"]
[SourceTitle "EXT 2000"]
[Source "ChessBase"]
[SourceDate "1999.11.16"]
[SourceVersion "1"]
[SourceVersionDate "1999.11.16"]
[SourceQuality "1"]

1. e4 Nc6 2. Nf3 e5 3. d4 exd4 4. Nxd4 Nf6 5. Nxc6 bxc6 6. e5 Qe7 7. Qe2 Nd5 8. c4 Nb6 9. Nd2 Qe6 10. f4 d5 11. exd6 Bxd6 12. Ne4 0-0 13. Nxd6 Qxd6 14. Be3 Na4 15. b3 Nc3 16. Qd3 Qb4 17. a3 Qxb3 18. Rc1 Re8 19. Rxc3 Qb2 20. Be2 Bf5 21. Qd2 Qb1+ 22. Qc1 Qa2 23. Bf3 Rab8 24. 0-0 Rb1 25. Qd2 Rb2 26. Qd4 Bg4 27. Bf2 Bxf3 28. Rxf3 Rb1 29. Bg3 c5 30. Qd7 1-0

[Event "HUN-chT2 9899"]
[Site "Hungary"]
[Date "1998.??.??"]
[Round "?"]
[White "Papp Zoltan, Csaba"]
[Black "Schlusnik, Nandor"]
[Result "0-1"]
[WhiteElo "2350"]
[BlackElo "2265"]
[PlyCount "62"]
[EventDate "1998.??.??"]
[EventType "team"]
[EventRounds "12"]
[EventCountry "HUN"]
[SourceTitle "EXT 2000"]
[Source "ChessBase"]
[SourceDate "1999.11.16"]
[SourceVersion "1"]
[SourceVersionDate "1999.11.16"]
[SourceQuality "1"]

1. e4 e5 2. Nf3 Nc6 3. Bc4 Bc5 4. 0-0 Nf6 5. d4 exd4 6. e5 d5 7. exf6 dxc4 8. Re1+ Be6 9. Ng5 Qd5 10. Nc3 Qf5 11. Nce4 0-0-0 12. Nxe6 fxe6 13. fxg7 Rhg8 14. Bh6 Bb4 15. Re2 Qg6 16. a3 d3 17. cxd3 cxd3 18. Re3 Qxh6 19. axb4 Qxg7 20. g3 Qxb2 21. Nc5 d2 22. Nd3 Qc3 23. b5 Nb4 24. b6 a6 25. Nxb4 Qxa1 26. Qxa1 d1Q+ 27. Qxd1 Rxd1+ 28. Kg2 Rb1 29. Re4 a5 30. Nd3 Rxb6 31. Re5 Rd8 0-1

[Event "Budapest Balatontourist"]
[Site "Budapest"]
[Date "1998.??.??"]
[Round "2"]
[White "Schlusnik, Nandor"]
[Black "Kis, Bela"]
[Result "1/2-1/2"]
[WhiteElo "2265"]
[BlackElo "2145"]
[PlyCount "49"]
[EventDate "1998.??.??"]
[EventType "swiss"]
[EventRounds "9"]
[EventCountry "HUN"]
[SourceTitle "EXT 2004"]
[Source "ChessBase"]
[SourceDate "2003.11.25"]
[SourceVersion "1"]
[SourceVersionDate "2003.11.25"]
[SourceQuality "1"]

1. e4 e5 2. Nf3 Nc6 3. Bb5 a6 4. Ba4 Nf6 5. 0-0 Nxe4 6. d4 b5 7. Bb3 d5 8. dxe5 Be6 9. c3 Bc5 10. Nbd2 0-0 11. Qe2 Bf5 12. Nxe4 dxe4 13. Ng5 Nxe5 14. Nxe4 Qd3 15. Qxd3 Nxd3 16. Nxc5 Nxc5 17. Be3 Nxb3 18. axb3 a5 19. Bf4 c6 20. Bc7 Rfe8 21. Bxa5 Re2 22. Bb4 Rxa1 23. Rxa1 h5 24. Ba3 Be6 25. Rd1 1/2-1/2

[Event "HUN-chT 9798"]
[Site "Hungary"]
[Date "1998.??.??"]
[Round "?"]
[White "Schlusnik, Nandor"]
[Black "Medvegy, Zoltan"]
[Result "1-0"]
[WhiteElo "2225"]
[BlackElo "2295"]
[PlyCount "65"]
[EventDate "1997.??.??"]
[EventType "team"]
[EventRounds "12"]
[EventCountry "HUN"]
[SourceTitle "EXT 2000"]
[Source "ChessBase"]
[SourceDate "1999.11.16"]
[SourceVersion "1"]
[SourceVersionDate "1999.11.16"]
[SourceQuality "1"]

1. Nf3 Nf6 2. b3 g6 3. Bb2 Bg7 4. e3 0-0 5. Be2 d6 6. d4 e5 7. dxe5 Nfd7 8. Nbd2 dxe5 9. e4 Nc6 10. Nc4 Qf6 11. 0-0 Rd8 12. Bd3 Nd4 13. Nxd4 exd4 14. f4 Nc5 15. Qf3 Nxd3 16. cxd3 Be6 17. Na5 Rab8 18. h3 c5 19. Ba3 Bd7 20. Nc4 Rbc8 21. Ne5 Qh4 22. Rac1 b6 23. Nxd7 Rxd7 24. b4 c4 25. Rxc4 Rxc4 26. dxc4 d3 27. e5 d2 28. Rd1 Qe1+ 29. Kh2 Bf8 30. Bb2 Be7 31. Bc3 Bh4 32. Rxe1 dxe1Q 33. Bxe1 1-0

[Event "HUN-chT2 9899"]
[Site "Hungary"]
[Date "1998.??.??"]
[Round "?"]
[White "Schlusnik, Nandor"]
[Black "Toth, Janos"]
[Result "1-0"]
[WhiteElo "2265"]
[BlackElo "2275"]
[PlyCount "135"]
[EventDate "1998.??.??"]
[EventType "team"]
[EventRounds "12"]
[EventCountry "HUN"]
[SourceTitle "EXT 2000"]
[Source "ChessBase"]
[SourceDate "1999.11.16"]
[SourceVersion "1"]
[SourceVersionDate "1999.11.16"]
[SourceQuality "1"]

1. e4 e5 2. Nf3 Nc6 3. Bc4 Be7 4. 0-0 Nf6 5. Nc3 d6 6. h3 0-0 7. d4 a6 8. dxe5 Nxe5 9. Nxe5 dxe5 10. Qe2 b5 11. Rd1 Bd6 12. Bb3 h6 13. Nd5 Bb7 14. c4 Nxd5 15. cxd5 Qh4 16. a4 b4 17. a5 g6 18. Qc4 f5 19. exf5 e4 20. Be3 Rxf5 21. Rd4 Re8 22. Ba4 Re7 23. Bc2 Rfe5 24. Rad1 Bc8 25. f4 Bxh3 26. Qe2 Bg4 27. Qe1 Rh5 28. Qxh4 Rxh4 29. Re1 Rh5 30. Rxe4 Rxe4 31. Bxe4 Kf7 32. Kf2 Kg7 33. Rc1 Bd7 34. Kf3 g5 35. fxg5 hxg5 36. Bc5 g4+ 37. Ke3 Kf6 38. Bxd6 cxd6 39. Kf4 Rh8 40. Bd3 Rh5 41. Be4 Bb5 42. g3 Rh2 43. Rc2 Rh8 44. Bf5 Rh1 45. Bxg4 Ra1 46. Rh2 Rf1+ 47. Bf3 Bc4 48. Ke3 Kg5 49. Rh4 Bb5 50. Rxb4 Re1+ 51. Kf2 Ra1 52. Rg4+ Kf5 53. Rg8 Rxa5 54. g4+ Kf4 55. Rf8+ Kg5 56. Rf5+ Kg6 57. Be4 Bd7 58. Rh5+ Kf6 59. g5+ Ke5 60. g6+ Kf6 61. g7 Kxg7 62. Rh7+ Kf6 63. Rxd7 Rb5 64. Rxd6+ Ke5 65. Re6+ Kf4 66. Ke2 Rxb2+ 67. Kd3 a5 68. d6 1-0

[Event "HUN-chT 9798"]
[Site "Hungary"]
[Date "1998.??.??"]
[Round "?"]
[White "Zila, Laszlo"]
[Black "Schlusnik, Nandor"]
[Result "1/2-1/2"]
[WhiteElo "2280"]
[BlackElo "2225"]
[PlyCount "22"]
[EventDate "1997.??.??"]
[EventType "team"]
[EventRounds "12"]
[EventCountry "HUN"]
[SourceTitle "EXT 2000"]
[Source "ChessBase"]
[SourceDate "1999.11.16"]
[SourceVersion "1"]
[SourceVersionDate "1999.11.16"]
[SourceQuality "1"]

1. e4 c5 2. Nc3 Nc6 3. f4 e6 4. Nf3 d5 5. Bb5 dxe4 6. Ne5 Nge7 7. Nxe4 Qd5 8. Qe2 a6 9. c4 Qd4 10. Bxc6+ Nxc6 11. Nxc6 bxc6 1/2-1/2

[Event "HUN-chT playoff"]
[Site "Budapest"]
[Date "1997.04.30"]
[Round "?"]
[White "Cseke, Richard"]
[Black "Schlusnik, Nandor"]
[Result "0-1"]
[WhiteElo "2195"]
[BlackElo "2225"]
[PlyCount "120"]
[EventDate "1997.04.30"]
[EventType "team"]
[EventRounds "3"]
[EventCountry "HUN"]
[SourceTitle "EXT 2006"]
[Source "ChessBase"]
[SourceDate "2005.11.24"]
[SourceVersion "1"]
[SourceVersionDate "2005.11.24"]
[SourceQuality "1"]
[WhiteTeam "Elektromos"]
[BlackTeam "Budapest MTK"]
[WhiteTeamCountry "HUN"]
[BlackTeamCountry "HUN"]

1. d4 d5 2. Nc3 Nf6 3. Bg5 Nbd7 4. f3 h6 5. Bh4 c6 6. e4 dxe4 7. fxe4 Qa5 8. Qd2 e6 9. e5 Nd5 10. Ne4 Qxd2+ 11. Kxd2 c5 12. Bf2 cxd4 13. Bxd4 Be7 14. Nd6+ Bxd6 15. exd6 0-0 16. Nf3 N5f6 17. Rd1 Rd8 18. c4 b6 19. Kc2 Ne4 20. Rg1 Nf8 21. Bd3 Bb7 22. Be5 Rac8 23. b3 Nf2 24. Rd2 Nxd3 25. Kxd3 f6 26. Bg3 e5 27. Kc3 Kf7 28. Re1 Bxf3 29. gxf3 g5 30. Bf2 Ke6 31. Red1 Rc6 32. b4 Rcxd6 33. Rxd6+ Rxd6 34. Rxd6+ Kxd6 35. c5+ Kc6 36. cxb6 axb6 37. a4 Nd7 38. Kc4 h5 39. a5 bxa5 40. bxa5 g4 41. fxg4 hxg4 42. a6 Nb6+ 43. Kd3 f5 44. a7 Na8 45. Kc4 f4 46. Bg1 Nc7 47. Bf2 Kd6 48. Bb6 Na8 49. Bf2 Ke6 50. Kc5 e4 51. Kc6 e3 52. Bg1 Ke5 53. Kb7 Kd6 54. Ka6 Kc6 55. Ka5 Kc5 56. Ka6 Kd4 57. Kb7 f3 58. Kxa8 f2 59. Kb8 fxg1Q 60. a8Q Qxh2+ 0-1